MARC

LEADER 00000nam0a2200000 4500
001 164985
005 20231031161607.0
035 |a (RuTPU)RU\TPU\book\178982 
090 |a 164985 
100 |a 20090912d1973 k y0rusy50 ca 
101 0 |a rus 
102 |a RU 
105 |a a z 001zy 
200 1 |a Калориметрия ионизирующих излучений  |f Н. С. Шиманская 
210 |a Москва  |c Атомиздат  |d 1973 
215 |a 328 с.  |c ил. 
320 |a Библиогр.: с. 313-325. 
610 1 |a ионизирующие излучения 
610 1 |a колориметрия 
610 1 |a калориметрические измерения 
610 1 |a радиоактивные препараты 
610 1 |a активность 
610 1 |a радиоактивные изотопы 
610 1 |a нейтронные источники 
610 1 |a периоды полураспада 
610 1 |a полураспад 
610 1 |a ускорители 
610 1 |a калориметрические методы 
610 1 |a дозиметрия 
610 1 |a реакторное излучение 
610 1 |a нейтронные термобатареи 
610 1 |a гамма-термометры 
610 1 |a радиационная химия 
610 1 |a радиационная физика 
675 |a 539.16.082  |v 3 
700 1 |a Шиманская  |b Н. С.  |g Наталья Станиславовна 
801 1 |a RU  |b 63413507  |c 20090912 
801 2 |a RU  |b 63413507  |c 20200817  |g RCR 
942 |c BK